Biathlon - Najlepsze Kraje na IO w XXI wieku - Statystyki

Ogólne statystyki
  • Ten quiz został rozwiązany 35 razy
  • Średni wynik to 9 z 10
Statystyki odpowiedzi
🥇 🥈 🥉 Kraj % Poprawnych
20x 19x 16x Norwegia
100%
15x 12x 10x Niemcy
97%
4x 4x 8x Rosja
97%
1x 1x 4x Włochy
97%
18x 11x 12x Francja
94%
6x 7x 4x Szwecja
94%
4x 3x 2x Białoruś
85%
- 4x 5x Czechy
85%
3x 4x - Słowacja
79%
1x - 2x Ukraina
79%
Nie znaleziono quizów pasujących do podanych kryteriów
Rozkład punktacji
Procent ludzi z każdym wynikiem
Percentyl według liczby udzielonych odpowiedzi
Twoja historia wyników
Nie rozwiązałeś tego quizu